[Event "Frankfurt-ch"]
[Site "Frankfurt"]
[Date "2007.06.04"]
[Round "5"]
[White "Fischer, Arthur"]
[Black "Kaestle, Reiner"]
[Result "1-0"]
[WhiteElo "2074"]
[BlackElo "1980"]
[PlyCount "23"]
[EventDate "2007.04.30"]
[EventType "swiss"]
[EventRounds "7"]
[EventCountry "GER"]
[SourceTitle "EXT 2008"]
[Source "ChessBase"]
[SourceDate "2007.11.25"]
[SourceVersion "1"]
[SourceVersionDate "2007.11.25"]
[SourceQuality "1"]

1. e4 e6 2. d4 d5 3. Nc3 Nf6 4. Bg5 dxe4 5. Nxe4 Nbd7 6. Nf3 Be7 7. Bxf6 Nxf6 8. Bd3 0-0 9. Qe2 a6 10. 0-0-0 b5 11. Nxf6+ Bxf6 12. Qe4 1-0

[Event "Frankfurt-ch"]
[Site "Frankfurt"]
[Date "2007.05.21"]
[Round "4"]
[White "Kaestle, Reiner"]
[Black "Reschke, Stefan"]
[Result "0-1"]
[WhiteElo "1980"]
[BlackElo "2387"]
[PlyCount "134"]
[EventDate "2007.04.30"]
[EventType "swiss"]
[EventRounds "7"]
[EventCountry "GER"]
[SourceTitle "EXT 2008"]
[Source "ChessBase"]
[SourceDate "2007.11.25"]
[SourceVersion "1"]
[SourceVersionDate "2007.11.25"]
[SourceQuality "1"]

1. d4 Nf6 2. Nf3 g6 3. c4 Bg7 4. Nc3 0-0 5. Bf4 d6 6. e3 Nbd7 7. Be2 c5 8. 0-0 Qa5 9. Qa4 Qxa4 10. Nxa4 b6 11. Rac1 Bb7 12. Rfd1 Rac8 13. Bg3 Ne4 14. Nc3 Nxg3 15. hxg3 cxd4 16. Nxd4 Ne5 17. Nd5 Rfe8 18. b3 Nc6 19. Nxc6 Bxc6 20. Bf3 Bxd5 21. Bxd5 Bb2 22. Rc2 Ba3 23. Re2 Rc7 24. g4 h6 25. Kf1 Kg7 26. Bf3 e6 27. Red2 Rec8 28. Be4 a5 29. Ke2 Bb4 30. Rb2 Ba3 31. Rbd2 Ra7 32. f4 a4 33. Rb1 Bb4 34. Rc2 a3 35. Rbc1 Ra5 36. Bf3 Rac5 37. Kd3 Re8 38. g3 Rc7 39. Rh1 Rec8 40. Rhc1 Rc5 41. Be4 h5 42. g5 Re8 43. Bf3 Rc7 44. Rh1 Kf8 45. g4 hxg4 46. Rh8+ Ke7 47. Rxe8+ Kxe8 48. Bxg4 Ke7 49. e4 Rc8 50. Rh2 b5 51. Rh7 bxc4+ 52. bxc4 Rg8 53. Bd1 Be1 54. Rh3 Bb4 55. Bb3 Rb8 56. Rh7 Rg8 57. Ba4 Bc5 58. Rh3 Kf8 59. Rh7 Bb6 60. Ke2 Bd4 61. Kf3 Ke7 62. Bb3 Rb8 63. f5 Rxb3+ 64. axb3 a2 65. Rh1 a1Q 66. Rxa1 Bxa1 67. fxg6 fxg6 0-1

[Event "Frankfurt-ch"]
[Site "Frankfurt"]
[Date "2006.04.24"]
[Round "1"]
[White "Kirschner, Matthias"]
[Black "Kaestle, Reiner"]
[Result "0-1"]
[WhiteElo "1547"]
[BlackElo "1987"]
[PlyCount "56"]
[EventDate "2006.04.24"]
[EventType "swiss"]
[EventRounds "7"]
[EventCountry "GER"]
[SourceTitle "EXT 2007"]
[Source "ChessBase"]
[SourceDate "2006.11.23"]
[SourceVersion "1"]
[SourceVersionDate "2006.11.23"]
[SourceQuality "1"]

1. c4 Nf6 2. Nc3 g6 3. g3 Bg7 4. Bg2 0-0 5. Nf3 c5 6. d3 Nc6 7. Rb1 d6 8. a3 Bd7 9. Qc2 Nd4 10. Nxd4 cxd4 11. Nb5 Bxb5 12. cxb5 Qa5+ 13. b4 Qxb5 14. Bg5 Rac8 15. Qd2 Rc7 16. 0-0 Rfc8 17. Rfc1 Rc3 18. Bxf6 Bxf6 19. Qb2 e5 20. Qa1 Bg5 21. Rf1 Bd2 22. a4 Qd7 23. b5 Rc2 24. Qa3 R8c3 25. Rb3 Rc5 26. Rb2 Bc1 27. Rxc1 Rxc1+ 28. Bf1 Qh3 0-1